00559nam a2200157Ia 4500008004100000082001900041100001900060245001000079260007300089300001000162630001800172650006800190942000900258952011700267999001700384211109s9999||||xx |||||||||||||| ||und|| a891.433bSAH-K aSahni, Bhishma 0aKunto bAll India Association of Christian Higher EducationaNew Delhic1900 a327p. xGeneral stack aHindi literaturevHindi fictionxLiterature & rhetoricGeneralia cBOOK 00104070aSBCLbSBCLc2d2021-11-09g100.00l0o891.433 SAH-Kp00092040r2021-11-09 00:00:00w2021-11-09yBOOK c49884d49884